| 000 | 00741nam a2200229 a 4500 | ||
|---|---|---|---|
| 001 | 53959 | ||
| 003 | BD-RjUL | ||
| 005 | 20211209080042.0 | ||
| 008 | 161030s1963 enkab 000 0 eng | ||
| 035 | _a(BD-RjUL)54081 | ||
| 040 |
_aBD-RjUL _beng _cBD-RjUL |
||
| 041 | _aeng | ||
| 082 |
_223 _a305.8 _bFOH 1963 |
||
| 100 | 1 |
_aForde, Cyril Daryll, _d1902- _9161122 |
|
| 245 | 1 | 0 |
_aHabitat, economy and society : _ba geographical introduction to ethnology / _cC. Daryll Forde. |
| 260 |
_aLondon : _bMethuen & Co. Ltd., _c1934 [ Reprinted 1963] |
||
| 300 |
_axv, 500 p. : _bill. ; _c22 cm. |
||
| 504 | _aIncludes bibliographical References and index. | ||
| 650 | 0 |
_aEthnology _9161124 |
|
| 650 | 0 |
_aPrimitive societies _9124273 |
|
| 942 |
_2ddc _cBK |
||
| 999 |
_c53959 _d53959 |
||